Democracia e integración nacional

Na minha lista:
Detalhes bibliográficos
Autor principal: Cotler, Julio C
Autor Corporativo: Instituto de Estudios Peruanos
Formato: Texto
Publicado em: Lima: Talleres de Industrial Gráfica
Tags: Adicionar Tag
Sem tags, seja o primeiro a adicionar uma tag!

MARC

LEADER 00000 a a2200000 04500
001 25274
003
040
090 |a 180800  
100 |a Cotler, Julio C  
110 |a Instituto de Estudios Peruanos  
245 |a Democracia e integración nacional  
260 |a Lima:   |b Talleres de Industrial Gráfica  
300 |a 103 p  
999 |c 4711  |d 4711